Modern tort law (Record no. 586609)

000 -LEADER
fixed length control field 00817cam a2200253 a 4500
020 ## - INTERNATIONAL STANDARD BOOK NUMBER
International Standard Book Number 9780415458467 (pbk.)
082 00 - DEWEY DECIMAL CLASSIFICATION NUMBER
Classification number 346.4203
100 1# - MAIN ENTRY--PERSONAL NAME
Personal name Harpwood, Vivienne.
245 10 - TITLE STATEMENT
Title Modern tort law
Statement of responsibility, etc. Vivienne Harpwood.
250 ## - EDITION STATEMENT
Edition statement 7th ed.
260 ## - PUBLICATION, DISTRIBUTION, ETC.
Place of publication, distribution, etc. London ;
-- New York :
Name of publisher, distributor, etc. Routledge-Cavendish,
Date of publication, distribution, etc. 2009.
300 ## - PHYSICAL DESCRIPTION
Extent lxi, 514 p. ;
Dimensions 26 cm.
504 ## - BIBLIOGRAPHY, ETC. NOTE
Bibliography, etc. note Includes bibliographical references and index.
650 #0 - SUBJECT ADDED ENTRY--TOPICAL TERM
Topical term or geographic name entry element Torts
650 #0 - SUBJECT ADDED ENTRY--TOPICAL TERM
Topical term or geographic name entry element Torts
650 #0 - SUBJECT ADDED ENTRY--TOPICAL TERM
Topical term or geographic name entry element NLS2024, NLSTEXTBOOKS, NLSEBOOKBANK, LAW OF TORTS
856 ## - Uniform Resource Identifier
Uniform Resource Identifier <a href="http://10.250.8.41:8080/xmlui/handle/123456789/47921">http://10.250.8.41:8080/xmlui/handle/123456789/47921</a>
942 ## - ADDED ENTRY ELEMENTS (KOHA)
Source of classification or shelving scheme
Koha item type Book
650 #0 - SUBJECT ADDED ENTRY--TOPICAL TERM
-- 126919
650 #0 - SUBJECT ADDED ENTRY--TOPICAL TERM
-- 126919
650 #0 - SUBJECT ADDED ENTRY--TOPICAL TERM
-- 126920
650 #0 - SUBJECT ADDED ENTRY--TOPICAL TERM
-- 108302
650 #0 - SUBJECT ADDED ENTRY--TOPICAL TERM
-- 118857
Holdings
Withdrawn status Lost status Source of classification or shelving scheme Damaged status Not for loan Permanent Location Current Location Date acquired Total Checkouts Total Renewals Full call number Barcode Checked out Date last seen Date last checked out Price effective from Koha item type
          NUST Law School (NLS) NUST Law School (NLS) 10/27/2021 7 3 346.4203 HAR CL-639 05/03/2025 01/03/2025 01/03/2025 10/27/2021 Book
          NUST Law School (NLS) NUST Law School (NLS) 03/18/2025 1 1 346.4203 HAR NLS-1483   11/10/2025 07/24/2025 03/18/2025 Book
© 2023 Central Library, National University of Sciences and Technology. All Rights Reserved.